000 00456nam a2200169 i 4500
001 142693
003 ES-MaACL
005 20230906200609.0
007 t|
008 071009s1932 fr ||||1| fre d
100 1 _aVianey, Joseph.
_9114286
245 1 4 _aLes odes de Ronsard /
_cJoseph Vianey.
260 _aParis :
_b[s.n.],
_c1932 (
_fF. Paillard)
300 _a201 p. ;
_c19 cm.
600 1 4 _aRonsard, Pierre de.
_999517
852 _aES-MaACL
_jA-3167
999 _c142693
_d142693